| 000 | 00488pam a2200181 a 4500 | ||
|---|---|---|---|
| 020 | _a0801674859 | ||
| 040 | _cDLC | ||
| 082 | 0 | 0 | _a540 MOS 1994 A031 Or. |
| 100 | 1 | _aOlmsted, John. | |
| 245 | 1 | 0 | _aChemistry, the molecular science / |
| 260 |
_aSt. Louis : _bMosby, _cc1994. |
||
| 300 |
_a1 v. (various pagings) : _bill. (some col.) ; _c27 cm. |
||
| 500 | _a"2100 series"--Cover. | ||
| 500 | _aIncludes index. | ||
| 650 | 0 | _aChemistry. | |
| 700 | 1 | _aWilliams, Gregory M. | |
| 942 | _cEK | ||
| 999 |
_c11942 _d11942 |
||